Continents - Statistics

General Stats
  • This quiz has been taken 22 times
    20 since last reset
  • The average score is 7 of 7
Answer Stats
Answer % Correct
Africa
100%
Europe
100%
Asia
94%
North America
94%
South America
94%
Australia
89%
Antarctica
83%
No matching quizzes found
Score Distribution
Percent of People with Each Score
Percentile by Number Answered
Your Score History
You have not taken this quiz since the last reset